000 01339nam0a22002771 4500
001 rc\2587280
005 20250623122155.0
035 _a(NLR Aleph) 006751638
090 _a5750708
_c5750708
100 _a20110914d1929 |||y0rusy50 ca
101 0 _arus
102 _aRU
105 _ay z |||||
200 1 _aДеньги и денежное обращение
_fПроф. Д. А. Лоевецкий
_gII часть составлена по программе и под ред. проф. Д. А. Лоевецкого старшим ассистентом Б. И. Берковским
_gЦентр. заочные курсы финансово-экон. наук НКФ СССР и Моск. промышл.-экон. ин-та им. А. И. Рыкова
210 _aМосква
_cГос. финансовое изд-во
_d1929
_gтип. Госфиниздата
215 _a184 с.
_d23х15 см.
300 _aИздано отдельными листами
320 _aБиблиография: "Литература" в конце каждой лекции
700 1 _aЛоевецкий
_bД.А.
_f1884-
_gДавид Абрамович
702 1 _aБерковский
_bБ.И.
_4220
801 0 _aRU
_bNLR
_gpsbo
801 1 _aRU
_bELAR
_2rusmarc
852 _aNLR
_j93/3138
942 _cBOOK
980 _aNB